<?xml version="1.0" encoding="UTF-8"?>
<marc:record xmlns:marc="http://www.loc.gov/MARC21/slim" type="Bibliographic">
   <marc:leader>00000pim a2200000 c 4500</marc:leader>
   <marc:controlfield tag="001">971660255</marc:controlfield>
   <marc:controlfield tag="003">DE-101</marc:controlfield>
   <marc:controlfield tag="005">20171203163700.0</marc:controlfield>
   <marc:controlfield tag="007">sd||||||||||||</marc:controlfield>
   <marc:controlfield tag="007">co||||||||||||</marc:controlfield>
   <marc:controlfield tag="008">040629s2004    gw |||||q|||||||||||ger  </marc:controlfield>
   <marc:datafield ind1=" " ind2=" " tag="015">
      <marc:subfield code="a">05,A19,2543</marc:subfield>
      <marc:subfield code="z">04,N30,1786</marc:subfield>
      <marc:subfield code="2">dnb</marc:subfield>
   </marc:datafield>
   <marc:datafield ind1="7" ind2=" " tag="016">
      <marc:subfield code="2">DE-101</marc:subfield>
      <marc:subfield code="a">971660255</marc:subfield>
   </marc:datafield>
   <marc:datafield ind1=" " ind2=" " tag="020">
      <marc:subfield code="a">3833902108 (Baumhaus-Verl.)</marc:subfield>
      <marc:subfield code="c"> : EUR 9.90 (freier Pr.), sfr 19.00 (freier Pr.)</marc:subfield>
      <marc:subfield code="9">3-8339-0210-8</marc:subfield>
   </marc:datafield>
   <marc:datafield ind1=" " ind2=" " tag="020">
      <marc:subfield code="a">3898552527 (Edel-Media-und-Entertainment-GmbH)</marc:subfield>
      <marc:subfield code="c"> : EUR 9.90 (freier Pr.), sfr 19.00 (freier Pr.)</marc:subfield>
      <marc:subfield code="9">3-89855-252-7</marc:subfield>
   </marc:datafield>
   <marc:datafield ind1=" " ind2=" " tag="020">
      <marc:subfield code="a">3833902116 (Tonkassette, Baumhaus-Verl.)</marc:subfield>
      <marc:subfield code="c"> : EUR 7.90 (freier Pr.), sfr 15.30 (freier Pr.)</marc:subfield>
      <marc:subfield code="9">3-8339-0211-6</marc:subfield>
   </marc:datafield>
   <marc:datafield ind1=" " ind2=" " tag="020">
      <marc:subfield code="a">9783833902000</marc:subfield>
      <marc:subfield code="c"> : EUR 9.90, EUR 10.00 (AT), sfr 19.00</marc:subfield>
      <marc:subfield code="9">978-3-8339-0200-0</marc:subfield>
   </marc:datafield>
   <marc:datafield ind1=" " ind2=" " tag="020">
      <marc:subfield code="a">3833902000</marc:subfield>
      <marc:subfield code="c"> : EUR 9.90, EUR 10.00 (AT), sfr 19.00</marc:subfield>
      <marc:subfield code="9">3-8339-0200-0</marc:subfield>
   </marc:datafield>
   <marc:datafield ind1=" " ind2=" " tag="020">
      <marc:subfield code="a">9783833902017</marc:subfield>
      <marc:subfield code="c"> : EUR 7.90, EUR 8.00 (AT), sfr 15.30</marc:subfield>
      <marc:subfield code="9">978-3-8339-0201-7</marc:subfield>
   </marc:datafield>
   <marc:datafield ind1=" " ind2=" " tag="020">
      <marc:subfield code="a">3833902019 (Tonkassette)</marc:subfield>
      <marc:subfield code="c"> : EUR 7.90, EUR 8.00 (AT), sfr 15.30</marc:subfield>
      <marc:subfield code="9">3-8339-0201-9</marc:subfield>
   </marc:datafield>
   <marc:datafield ind1="3" ind2=" " tag="024">
      <marc:subfield code="a">9783833902109</marc:subfield>
   </marc:datafield>
   <marc:datafield ind1=" " ind2=" " tag="035">
      <marc:subfield code="a">(DE-599)DNB971660255</marc:subfield>
   </marc:datafield>
   <marc:datafield ind1=" " ind2=" " tag="035">
      <marc:subfield code="a">(OCoLC)722813332</marc:subfield>
   </marc:datafield>
   <marc:datafield ind1=" " ind2=" " tag="040">
      <marc:subfield code="a">1245</marc:subfield>
      <marc:subfield code="b">ger</marc:subfield>
      <marc:subfield code="c">DE-101</marc:subfield>
      <marc:subfield code="d">9999</marc:subfield>
   </marc:datafield>
   <marc:datafield ind1=" " ind2=" " tag="041">
      <marc:subfield code="a">ger</marc:subfield>
   </marc:datafield>
   <marc:datafield ind1=" " ind2=" " tag="044">
      <marc:subfield code="c">XA-DE-HE</marc:subfield>
   </marc:datafield>
   <marc:datafield ind1="7" ind2="4" tag="082">
      <marc:subfield code="a">K</marc:subfield>
      <marc:subfield code="q">DE-101</marc:subfield>
      <marc:subfield code="2">22sdnb</marc:subfield>
   </marc:datafield>
   <marc:datafield ind1="0" ind2="0" tag="245">
      <marc:subfield code="a">Lauras Stern</marc:subfield>
      <marc:subfield code="b">das Original-Hörspiel zum Kinofilm ; extra: 5 wunderschöne Lieder zum Film!</marc:subfield>
      <marc:subfield code="c">Hörspielbearb: Gabriele Bingenheimer ; Marian Szymczyk. Es sprechen: Laura: Celine Vogt ; Tommy: Sandro Iannotta ; Max: Maximilian Artajo ...</marc:subfield>
   </marc:datafield>
   <marc:datafield ind1=" " ind2="1" tag="264">
      <marc:subfield code="a">[Frankfurt (Main)]</marc:subfield>
      <marc:subfield code="b">Baumhaus-Verl.</marc:subfield>
      <marc:subfield code="a">[Hamburg]</marc:subfield>
      <marc:subfield code="b">Edel-Media-und-Entertainment-GmbH</marc:subfield>
      <marc:subfield code="c">2004</marc:subfield>
   </marc:datafield>
   <marc:datafield ind1=" " ind2=" " tag="300">
      <marc:subfield code="a">1 CD</marc:subfield>
      <marc:subfield code="c">12 cm</marc:subfield>
   </marc:datafield>
   <marc:datafield ind1=" " ind2=" " tag="336">
      <marc:subfield code="a">gesprochenes Wort</marc:subfield>
      <marc:subfield code="b">spw</marc:subfield>
      <marc:subfield code="2">rdacontent</marc:subfield>
   </marc:datafield>
   <marc:datafield ind1=" " ind2=" " tag="337">
      <marc:subfield code="a">audio</marc:subfield>
      <marc:subfield code="b">s</marc:subfield>
      <marc:subfield code="2">rdamedia</marc:subfield>
   </marc:datafield>
   <marc:datafield ind1=" " ind2=" " tag="338">
      <marc:subfield code="a">Audiodisk</marc:subfield>
      <marc:subfield code="b">sd</marc:subfield>
      <marc:subfield code="2">rdacarrier</marc:subfield>
   </marc:datafield>
   <marc:datafield ind1="0" ind2=" " tag="490">
      <marc:subfield code="a">Edel-Kids</marc:subfield>
   </marc:datafield>
   <marc:datafield ind1=" " ind2=" " tag="520">
      <marc:subfield code="a">Laura, Tommy und ihre Eltern sind umgezogen, weil Lauras Mutter eine neue Stelle hat - als Cellospielerin an der Oper. Leider kommentiert Laura den Umzug ziemlich ungnädig: "Mein Apfelbaum ist nicht da! Die Wiese fehlt auch! Und das Vogelhäuschen! Meine Wippe! Meine Blumen ..." Und Tommy ist beim Umzug auch noch sein Beschütz-mich-Hund verloren gegangen! Am liebsten würde Laura gleich morgen wieder zurück in ihr altes Zuhause ziehen. In der Nacht entdeckt sie von ihrer Dachterrasse aus, wie ein kleiner Stern in den nahe gelegenen Park fällt. Sie nimmt ihn mit in ihr Zimmer, verarztet ihn liebevoll und versteckt ihn vor den Eltern. Es beginnt eine phantastische Freundschaft. Allerdings ahnt Laura, dass der Stern Heimweh hat. Und tatsächlich: Er verliert seine Leuchtkraft und Laura muss lernen, ihn wieder loszulassen. Mit Hilfe des Nachbarjungen Max, der die beiden beobachtet hat, gelingt Laura die Trennung - und sie gewinnt zugleich einen neuen Freund... Das Originalhörspiel zum Kinofilm "Lauras Stern", der am 23. September im Verleih von Warner Bros. startet.</marc:subfield>
   </marc:datafield>
   <marc:datafield ind1=" " ind2=" " tag="653">
      <marc:subfield code="a">(VLB-PF)AC: Audio-CD</marc:subfield>
   </marc:datafield>
   <marc:datafield ind1=" " ind2=" " tag="653">
      <marc:subfield code="a">(VLB-PG)SD400: Audio-CD</marc:subfield>
   </marc:datafield>
   <marc:datafield ind1=" " ind2="7" tag="655">
      <marc:subfield code="0">(DE-588)4522869-3</marc:subfield>
      <marc:subfield code="0">http://d-nb.info/gnd/4522869-3</marc:subfield>
      <marc:subfield code="0">(DE-101)955174880</marc:subfield>
      <marc:subfield code="a">CD</marc:subfield>
      <marc:subfield code="2">gnd-carrier</marc:subfield>
   </marc:datafield>
   <marc:datafield ind1="1" ind2=" " tag="700">
      <marc:subfield code="0">(DE-588)1098167864</marc:subfield>
      <marc:subfield code="0">http://d-nb.info/gnd/1098167864</marc:subfield>
      <marc:subfield code="0">(DE-101)1098167864</marc:subfield>
      <marc:subfield code="a">Bingenheimer, Gabriele</marc:subfield>
      <marc:subfield code="e">Mitwirkender</marc:subfield>
      <marc:subfield code="4">ctb</marc:subfield>
   </marc:datafield>
   <marc:datafield ind1="1" ind2=" " tag="700">
      <marc:subfield code="0">(DE-588)129884855</marc:subfield>
      <marc:subfield code="0">http://d-nb.info/gnd/129884855</marc:subfield>
      <marc:subfield code="0">(DE-101)129884855</marc:subfield>
      <marc:subfield code="a">Vogt, Céline</marc:subfield>
      <marc:subfield code="d">1990-</marc:subfield>
      <marc:subfield code="e">Mitwirkender</marc:subfield>
      <marc:subfield code="4">ctb</marc:subfield>
   </marc:datafield>
   <marc:datafield ind1="1" ind2=" " tag="700">
      <marc:subfield code="0">(DE-588)129884863</marc:subfield>
      <marc:subfield code="0">http://d-nb.info/gnd/129884863</marc:subfield>
      <marc:subfield code="0">(DE-101)129884863</marc:subfield>
      <marc:subfield code="a">Iannotta, Sandro</marc:subfield>
      <marc:subfield code="e">Mitwirkender</marc:subfield>
      <marc:subfield code="4">ctb</marc:subfield>
   </marc:datafield>
   <marc:datafield ind1="1" ind2=" " tag="700">
      <marc:subfield code="0">(DE-588)1062050215</marc:subfield>
      <marc:subfield code="0">http://d-nb.info/gnd/1062050215</marc:subfield>
      <marc:subfield code="0">(DE-101)1062050215</marc:subfield>
      <marc:subfield code="a">Artajo, Maximilian</marc:subfield>
      <marc:subfield code="d">1993-</marc:subfield>
      <marc:subfield code="e">Mitwirkender</marc:subfield>
      <marc:subfield code="4">ctb</marc:subfield>
   </marc:datafield>
   <marc:datafield ind1=" " ind2=" " tag="850">
      <marc:subfield code="a">DE-101a</marc:subfield>
      <marc:subfield code="a">DE-101b</marc:subfield>
   </marc:datafield>
   <marc:datafield ind1="r" ind2=" " tag="925">
      <marc:subfield code="a">ra</marc:subfield>
   </marc:datafield>
</marc:record>
